000 00301nam a2200121Ia 4500
008 190216s9999||||xx |||||||||||||| ||und||
100 _aGeorge W Housner And Donald
245 0 _aApplied Mechanics Dyanmics
260 _bD -van Nostrand Co.
_c1961
300 _a392p
650 _aPhysics
942 _cBK
999 _c32710
_d32710